Muerte en Granada : la tragedia de Federico Garcia Lorca /

Bibliographic Details
Main Author: Castro, Eduardo, 1948-
Format: Book
Language:Spanish
Published: Madrid : Akal, [1978]
Edition:2a ed.
Series:Akal 74 ; 18.
Subjects:

MARC

Tag First Indicator Second Indicator Subfields
LEADER 00000cam a2200000 a 4500
001 in00000080854
005 20151218105608.0
008 800610s1978 sp af b 00110 spa d
020 |a 8473390792 
035 |a (OCoLC)06401346 
035 |9 AAH9639AM 
040 |a ILU  |c ILU  |d TXA  |d UtOrBLW 
049 |a TXAM  |c [984810] 
090 |a PQ6613.A763  |b Z579 1978 
100 1 |a Castro, Eduardo,  |d 1948- 
245 1 0 |a Muerte en Granada :  |b la tragedia de Federico Garcia Lorca /  |c Eduardo Castro. 
250 |a 2a ed. 
264 1 |a Madrid :  |b Akal,  |c [1978] 
264 4 |c ©1978 
300 |a 207 pages, 16 unnumbered pages of plates :  |b illustrations ;  |c 18 cm. 
336 |a text  |b txt  |2 rdacontent 
337 |a unmediated  |b n  |2 rdamedia 
338 |a volume  |b nc  |2 rdacarrier 
490 1 |a Akal 74 ;  |v 18 
500 |a Includes index. 
504 |a Bibliography: pages 199-204. 
600 1 0 |a García Lorca, Federico,  |d 1898-1936  |x Last years. 
600 1 0 |a García Lorca, Federico,  |d 1898-1936  |x Death and burial. 
600 1 0 |a García Lorca, Federico,  |d 1898-1936.  |k in fiction, drama, poetry, etc. 
830 0 |a Akal 74 ;  |v 18. 
999 |a MARS 
999 f f |s 6176f24b-2b53-3c3b-8734-c136e992061e  |i 4bb93e50-977b-30ce-9179-0976f6dca168  |t 0 
952 f f |p ric  |a Texas A&M University  |b Rellis Campus  |c Joint Library Facility  |d Remote Storage  |t 0  |e PQ6613.A763 Z579 1978  |h Library of Congress classification  |i unmediated -- volume  |m A14806181720 
998 f f |a PQ6613.A763 Z579 1978  |t 0  |l Remote Storage